<?xml version="1.0" encoding="UTF-8"?>
<collection xmlns="http://www.loc.gov/MARC21/slim">
<record>
  <controlfield tag="001">148115</controlfield>
  <controlfield tag="005">20250928074251.0</controlfield>
  <datafield tag="856" ind1="4" ind2=" ">
    <subfield code="s">4754457</subfield>
    <subfield code="u">http://zaguan.unizar.es/record/148115/files/texto_completo.pdf</subfield>
    <subfield code="y">Postprint</subfield>
    <subfield code="z">info:eu-repo/date/embargoEnd/2025-09-26</subfield>
  </datafield>
  <datafield tag="856" ind1="4" ind2=" ">
    <subfield code="s">1234507</subfield>
    <subfield code="u">http://zaguan.unizar.es/record/148115/files/texto_completo.jpg?subformat=icon</subfield>
    <subfield code="x">icon</subfield>
    <subfield code="y">Postprint</subfield>
    <subfield code="z">info:eu-repo/date/embargoEnd/2025-09-26</subfield>
  </datafield>
  <datafield tag="773" ind1=" " ind2=" ">
    <subfield code="g">400 (2025), 118617 [9 pp.]</subfield>
    <subfield code="p">Atherosclerosis</subfield>
    <subfield code="t">Atherosclerosis</subfield>
    <subfield code="x">0021-9150</subfield>
  </datafield>
  <datafield tag="536" ind1=" " ind2=" ">
    <subfield code="9">info:eu-repo/grantAgreement/ES/ISCIII-MINECO/PI19-00694</subfield>
    <subfield code="9">info:eu-repo/grantAgreement/ES/ISCIII-MINECO/PI22-01595</subfield>
    <subfield code="9">info:eu-repo/grantAgreement/ES/MINECO-ISCIII/CIBERCV</subfield>
  </datafield>
  <datafield tag="951" ind1=" " ind2=" ">
    <subfield code="a">2025-05-20-10:14:05</subfield>
  </datafield>
  <datafield tag="980" ind1=" " ind2=" ">
    <subfield code="a">ARTICLE</subfield>
  </datafield>
  <datafield tag="909" ind1="C" ind2="O">
    <subfield code="o">oai:zaguan.unizar.es:148115</subfield>
    <subfield code="p">articulos</subfield>
    <subfield code="p">driver</subfield>
  </datafield>
  <datafield tag="700" ind1=" " ind2=" ">
    <subfield code="a">González-Guerrero, Anton</subfield>
  </datafield>
  <datafield tag="700" ind1=" " ind2=" ">
    <subfield code="a">Cenarro, Ana</subfield>
  </datafield>
  <datafield tag="700" ind1=" " ind2=" ">
    <subfield code="0">(orcid)0000-0002-9647-0108</subfield>
    <subfield code="a">Lamiquiz-Moneo, Itziar</subfield>
    <subfield code="u">Universidad de Zaragoza</subfield>
  </datafield>
  <datafield tag="700" ind1=" " ind2=" ">
    <subfield code="a">Climent, Elisenda</subfield>
  </datafield>
  <datafield tag="700" ind1=" " ind2=" ">
    <subfield code="0">(orcid)0000-0001-9142-0737</subfield>
    <subfield code="a">Jarauta, Estibaliz</subfield>
    <subfield code="u">Universidad de Zaragoza</subfield>
  </datafield>
  <datafield tag="700" ind1=" " ind2=" ">
    <subfield code="0">(orcid)0000-0003-1028-8581</subfield>
    <subfield code="a">Gracia-Rubio, Irene</subfield>
    <subfield code="u">Universidad de Zaragoza</subfield>
  </datafield>
  <datafield tag="700" ind1=" " ind2=" ">
    <subfield code="a">Benaiges, David</subfield>
  </datafield>
  <datafield tag="700" ind1=" " ind2=" ">
    <subfield code="0">(orcid)0000-0003-3963-0846</subfield>
    <subfield code="a">Laclaustra, Martín</subfield>
    <subfield code="u">Universidad de Zaragoza</subfield>
  </datafield>
  <datafield tag="700" ind1=" " ind2=" ">
    <subfield code="0">(orcid)0000-0001-5026-5144</subfield>
    <subfield code="a">Tejedor, Teresa</subfield>
    <subfield code="u">Universidad de Zaragoza</subfield>
  </datafield>
  <datafield tag="700" ind1=" " ind2=" ">
    <subfield code="a">Pedro-Botet, Juan</subfield>
  </datafield>
  <datafield tag="700" ind1=" " ind2=" ">
    <subfield code="0">(orcid)0000-0001-7043-0952</subfield>
    <subfield code="a">Civeira, Fernando</subfield>
    <subfield code="u">Universidad de Zaragoza</subfield>
  </datafield>
  <datafield tag="700" ind1=" " ind2=" ">
    <subfield code="a">Marco-Benedí, Victoria</subfield>
    <subfield code="u">Universidad de Zaragoza</subfield>
  </datafield>
  <datafield tag="540" ind1=" " ind2=" ">
    <subfield code="9">info:eu-repo/semantics/openAccess</subfield>
    <subfield code="a">by-nc-nd</subfield>
    <subfield code="u">http://creativecommons.org/licenses/by-nc-nd/3.0/es/</subfield>
  </datafield>
  <datafield tag="710" ind1="2" ind2=" ">
    <subfield code="1">1001</subfield>
    <subfield code="2">420</subfield>
    <subfield code="a">Universidad de Zaragoza</subfield>
    <subfield code="b">Dpto. Anatom.,Embri.Genét.Ani.</subfield>
    <subfield code="c">Área Genética</subfield>
  </datafield>
  <datafield tag="710" ind1="2" ind2=" ">
    <subfield code="1">1003</subfield>
    <subfield code="2">027</subfield>
    <subfield code="a">Universidad de Zaragoza</subfield>
    <subfield code="b">Dpto. Anatom.Histolog.Humanas</subfield>
    <subfield code="c">Area Anatom.Embriol.Humana</subfield>
  </datafield>
  <datafield tag="710" ind1="2" ind2=" ">
    <subfield code="1">1007</subfield>
    <subfield code="2">610</subfield>
    <subfield code="a">Universidad de Zaragoza</subfield>
    <subfield code="b">Dpto. Medicina, Psiqu. y Derm.</subfield>
    <subfield code="c">Area Medicina</subfield>
  </datafield>
  <datafield tag="245" ind1=" " ind2=" ">
    <subfield code="a">Association of HDL cholesterol with all-cause and cardiovascular mortality in primary hypercholesterolemia</subfield>
  </datafield>
  <datafield tag="024" ind1="7" ind2=" ">
    <subfield code="2">doi</subfield>
    <subfield code="a">10.1016/j.atherosclerosis.2024.118617</subfield>
  </datafield>
  <datafield tag="024" ind1="8" ind2=" ">
    <subfield code="2">sideral</subfield>
    <subfield code="a">141580</subfield>
  </datafield>
  <datafield tag="260" ind1=" " ind2=" ">
    <subfield code="c">2025</subfield>
  </datafield>
  <datafield tag="520" ind1="3" ind2=" ">
    <subfield code="a">Background and aims. Recent reports have shown that subjects with high high-density lipoprotein cholesterol (HDLc) levels are paradoxically at increased risk for all-cause and cardiovascular mortality. The aim was to study the association of HDLc concentration with mortality in subjects with high cholesterol.
Methods. We analyzed total mortality, cardiovascular mortality, and non-cardiovascular mortality in a cohort of 2992 subjects with primary hypercholesterolemia, who were followed for 10.2 years (range 1–25 years), with a total of 30,602 subject-years of follow-up.
Results. During follow-up, 168 subjects died, with 52 (13.7 %), 105 (4.80 %), and 11 (2.60 %) in the low, normal, and high HDLc groups, respectively (p &lt; 0.001). The risk of death was 2.89 times higher (95 % confidence interval (CI), 1.50–5.57, p &lt; 0.001) in subjects in the low HDLc group compared to those in the high HDLc group and 1.48 times higher (95 % CI 0.80–2.76, p = 0.214) in the normal HDLc group compared to the high HDLc group. However, HDLc concentration and HDLc groups based on HDLc concentration were not independently associated with mortality in Cox regression analysis. Cardiovascular and non-cardiovascular mortalities showed similar results.
Conclusions. All types of mortality were lower in subjects with primary hypercholesterolemia and with high HDLc in univariate analysis. Elevated HDLc was not associated with total, cardiovascular, and non-cardiovascular mortality when adjusted for major cardiovascular risk factors.</subfield>
  </datafield>
  <datafield tag="506" ind1="0" ind2=" ">
    <subfield code="a">Access copy available to the general public</subfield>
    <subfield code="f">Unrestricted</subfield>
  </datafield>
  <datafield tag="655" ind1=" " ind2="4">
    <subfield code="a">info:eu-repo/semantics/article</subfield>
    <subfield code="v">info:eu-repo/semantics/acceptedVersion</subfield>
  </datafield>
  <datafield tag="100" ind1=" " ind2=" ">
    <subfield code="a">Bea, Ana M.</subfield>
  </datafield>
  <datafield tag="037" ind1=" " ind2=" ">
    <subfield code="a">ART-2025-141580</subfield>
  </datafield>
  <datafield tag="041" ind1=" " ind2=" ">
    <subfield code="a">eng</subfield>
  </datafield>
</record>
</collection>